| 000 | 00628nam a22001937a 4500 | ||
|---|---|---|---|
| 008 | 260407b |||||||| |||| 00| 0 eng d | ||
| 020 | _a9781570753824 | ||
| 040 |
_aCUZ _beng _cCUZ _drda _eCUZ |
||
| 050 | _aBX382.M34MCG | ||
| 100 | _aJohn Anthony McGuckin | ||
| 245 |
_aStanding in God's Holy fire: _bThe byzantine tradition |
||
| 264 |
_aNew York _bOrbis Books _c©2001 |
||
| 300 | _a172pages | ||
| 336 |
_atext _btxt |
||
| 337 |
_aunmediated _bn |
||
| 338 | _2rdacarrier | ||
| 650 |
_aSpirituality Orthodox Easter church _aTraditions of christian spirituality |
||
| 942 |
_cOS _i382.M34MCG _kBX |
||
| 999 |
_c45578 _d45578 |
||